Mechanical engineering (Record no. 26352)

MARC details
000 -LEADER
fixed length control field 00322nam a2200121Ia 4500
082 ## - DEWEY DECIMAL CLASSIFICATION NUMBER
Classification number 621
Item number RAV
100 ## - MAIN ENTRY--AUTHOR NAME
Personal name Ravindran Nair, R
245 #0 - TITLE STATEMENT
Title Mechanical engineering
260 ## - PUBLICATION, DISTRIBUTION, ETC. (IMPRINT)
Place of publication Trivandrum
Name of publisher State Inst of Languages
Year of publication 1971
650 ## - SUBJECT ADDED ENTRY--TOPICAL TERM
Topical Term Mechanical engineering
942 ## - ADDED ENTRY ELEMENTS (KOHA)
Koha item type Books
Holdings
Withdrawn status Lost status Damaged status Not for loan Home library Current library Date acquired Source of acquisition Cost, normal purchase price Full call number Accession Number Koha item type
        RRII Library RRII Library 16/12/2021 Cost Recovered 4.00 621 RAV 06989 Books